<?xml version="1.0" encoding="UTF-8"?>
<collection xmlns="http://www.loc.gov/MARC21/slim">
 <record>
  <leader>02767nam a22003017a 4500</leader>
  <controlfield tag="001">NCT_46393</controlfield>
  <controlfield tag="008">171113b        xxu||||| |||| 00| 0 vie d</controlfield>
  <datafield tag="999" ind1=" " ind2=" ">
   <subfield code="c">2220</subfield>
   <subfield code="d">2220</subfield>
  </datafield>
  <datafield tag="020" ind1=" " ind2=" ">
   <subfield code="c">42000</subfield>
  </datafield>
  <datafield tag="082" ind1="0" ind2="4">
   <subfield code="2">23rd ed.</subfield>
   <subfield code="a">005.133</subfield>
   <subfield code="b">M312/T.312-Q.2</subfield>
  </datafield>
  <datafield tag="100" ind1="1" ind2=" ">
   <subfield code="a">Nguyễn Ngọc Minh</subfield>
   <subfield code="e">Chủ biên</subfield>
  </datafield>
  <datafield tag="245" ind1="1" ind2="0">
   <subfield code="a">Visual Basic 2005 :</subfield>
   <subfield code="n">Tập 4 - Quyển 2</subfield>
   <subfield code="p">Crystal reports developer</subfield>
   <subfield code="c">Nguyễn Ngọc Minh (chủ biên); Phương Lan (hiệu đính)</subfield>
  </datafield>
  <datafield tag="260" ind1=" " ind2=" ">
   <subfield code="a">Tp. Hồ Chí Minh</subfield>
   <subfield code="b">Phương Đông</subfield>
   <subfield code="c">2007</subfield>
  </datafield>
  <datafield tag="300" ind1=" " ind2=" ">
   <subfield code="a">211 tr</subfield>
   <subfield code="b">Minh họa</subfield>
   <subfield code="c">24 cm</subfield>
  </datafield>
  <datafield tag="520" ind1="3" ind2=" ">
   <subfield code="a">Nội dung quyển sách được chia làm 2 phần: Dành cho các nhà lập trình mới làm quen với Crystal Reports; Dành choc ác nah2 lập trình nâng cao khai thác các tính năng của báo biểu trong lập trình .NET, tùy biến báo kiểu trong khi chương trình đang chạy để kết hợp báo biểu với form trong ứng dụng Windows hoặc trang ASP.NET hay Web Services.</subfield>
  </datafield>
  <datafield tag="653" ind1=" " ind2=" ">
   <subfield code="a">Công nghệ thông tin</subfield>
  </datafield>
  <datafield tag="700" ind1="1" ind2=" ">
   <subfield code="a">Phương Lan</subfield>
   <subfield code="e">hiệu đính</subfield>
  </datafield>
  <datafield tag="942" ind1=" " ind2=" ">
   <subfield code="2">ddc</subfield>
   <subfield code="c">BK</subfield>
  </datafield>
  <datafield tag="952" ind1=" " ind2=" ">
   <subfield code="0">0</subfield>
   <subfield code="1">0</subfield>
   <subfield code="2">ddc</subfield>
   <subfield code="4">0</subfield>
   <subfield code="6">005_133000000000000_M312_T_312Q_2</subfield>
   <subfield code="7">0</subfield>
   <subfield code="9">13204</subfield>
   <subfield code="a">000001</subfield>
   <subfield code="b">000001</subfield>
   <subfield code="d">2018-08-10</subfield>
   <subfield code="o">005.133 M312/T.312-Q.2</subfield>
   <subfield code="p">MD.05359</subfield>
   <subfield code="r">2018-08-10</subfield>
   <subfield code="v">42000.00</subfield>
   <subfield code="w">2018-08-10</subfield>
   <subfield code="y">BK</subfield>
  </datafield>
  <datafield tag="952" ind1=" " ind2=" ">
   <subfield code="0">0</subfield>
   <subfield code="1">0</subfield>
   <subfield code="2">ddc</subfield>
   <subfield code="4">0</subfield>
   <subfield code="6">005_133000000000000_M312_T_312Q_2</subfield>
   <subfield code="7">0</subfield>
   <subfield code="9">13205</subfield>
   <subfield code="a">000001</subfield>
   <subfield code="b">000001</subfield>
   <subfield code="d">2018-08-10</subfield>
   <subfield code="o">005.133 M312/T.312-Q.2</subfield>
   <subfield code="p">MD.05360</subfield>
   <subfield code="r">2018-08-10</subfield>
   <subfield code="v">42000.00</subfield>
   <subfield code="w">2018-08-10</subfield>
   <subfield code="y">BK</subfield>
  </datafield>
  <datafield tag="952" ind1=" " ind2=" ">
   <subfield code="0">0</subfield>
   <subfield code="1">0</subfield>
   <subfield code="2">ddc</subfield>
   <subfield code="4">0</subfield>
   <subfield code="6">005_133000000000000_M312_T_312Q_2</subfield>
   <subfield code="7">0</subfield>
   <subfield code="9">13206</subfield>
   <subfield code="a">000001</subfield>
   <subfield code="b">000001</subfield>
   <subfield code="d">2018-08-10</subfield>
   <subfield code="o">005.133 M312/T.312-Q.2</subfield>
   <subfield code="p">MD.05361</subfield>
   <subfield code="r">2018-08-10</subfield>
   <subfield code="v">42000.00</subfield>
   <subfield code="w">2018-08-10</subfield>
   <subfield code="y">BK</subfield>
  </datafield>
  <datafield tag="952" ind1=" " ind2=" ">
   <subfield code="0">0</subfield>
   <subfield code="1">0</subfield>
   <subfield code="2">ddc</subfield>
   <subfield code="4">0</subfield>
   <subfield code="6">005_133000000000000_M312_T_312Q_2</subfield>
   <subfield code="7">0</subfield>
   <subfield code="9">13207</subfield>
   <subfield code="a">000001</subfield>
   <subfield code="b">000001</subfield>
   <subfield code="d">2018-08-10</subfield>
   <subfield code="o">005.133 M312/T.312-Q.2</subfield>
   <subfield code="p">MD.05362</subfield>
   <subfield code="r">2018-08-10</subfield>
   <subfield code="v">42000.00</subfield>
   <subfield code="w">2018-08-10</subfield>
   <subfield code="y">BK</subfield>
  </datafield>
  <datafield tag="952" ind1=" " ind2=" ">
   <subfield code="0">0</subfield>
   <subfield code="1">0</subfield>
   <subfield code="2">ddc</subfield>
   <subfield code="4">0</subfield>
   <subfield code="6">005_133000000000000_M312_T_312Q_2</subfield>
   <subfield code="7">0</subfield>
   <subfield code="9">13208</subfield>
   <subfield code="a">000001</subfield>
   <subfield code="b">000001</subfield>
   <subfield code="d">2018-08-10</subfield>
   <subfield code="o">005.133 M312/T.312-Q.2</subfield>
   <subfield code="p">MD.05363</subfield>
   <subfield code="r">2018-08-10</subfield>
   <subfield code="v">42000.00</subfield>
   <subfield code="w">2018-08-10</subfield>
   <subfield code="y">BK</subfield>
  </datafield>
  <datafield tag="952" ind1=" " ind2=" ">
   <subfield code="0">0</subfield>
   <subfield code="1">0</subfield>
   <subfield code="2">ddc</subfield>
   <subfield code="4">0</subfield>
   <subfield code="6">005_133000000000000_M312_T_312Q_2</subfield>
   <subfield code="7">0</subfield>
   <subfield code="9">13209</subfield>
   <subfield code="a">000001</subfield>
   <subfield code="b">000001</subfield>
   <subfield code="d">2018-08-10</subfield>
   <subfield code="o">005.133 M312/T.312-Q.2</subfield>
   <subfield code="p">MD.05364</subfield>
   <subfield code="r">2018-08-10</subfield>
   <subfield code="v">42000.00</subfield>
   <subfield code="w">2018-08-10</subfield>
   <subfield code="y">BK</subfield>
  </datafield>
  <datafield tag="952" ind1=" " ind2=" ">
   <subfield code="0">0</subfield>
   <subfield code="1">0</subfield>
   <subfield code="2">ddc</subfield>
   <subfield code="4">0</subfield>
   <subfield code="6">005_133000000000000_M312_T_312Q_2</subfield>
   <subfield code="7">0</subfield>
   <subfield code="9">13210</subfield>
   <subfield code="a">000001</subfield>
   <subfield code="b">000001</subfield>
   <subfield code="d">2018-08-10</subfield>
   <subfield code="o">005.133 M312/T.312-Q.2</subfield>
   <subfield code="p">MD.05365</subfield>
   <subfield code="r">2018-08-10</subfield>
   <subfield code="v">42000.00</subfield>
   <subfield code="w">2018-08-10</subfield>
   <subfield code="y">BK</subfield>
  </datafield>
  <datafield tag="952" ind1=" " ind2=" ">
   <subfield code="0">0</subfield>
   <subfield code="1">0</subfield>
   <subfield code="2">ddc</subfield>
   <subfield code="4">0</subfield>
   <subfield code="6">005_133000000000000_M312_T_312Q_2</subfield>
   <subfield code="7">0</subfield>
   <subfield code="9">13211</subfield>
   <subfield code="a">000001</subfield>
   <subfield code="b">000001</subfield>
   <subfield code="d">2018-08-10</subfield>
   <subfield code="o">005.133 M312/T.312-Q.2</subfield>
   <subfield code="p">MD.05366</subfield>
   <subfield code="r">2018-08-10</subfield>
   <subfield code="v">42000.00</subfield>
   <subfield code="w">2018-08-10</subfield>
   <subfield code="y">BK</subfield>
  </datafield>
  <datafield tag="952" ind1=" " ind2=" ">
   <subfield code="0">0</subfield>
   <subfield code="1">0</subfield>
   <subfield code="2">ddc</subfield>
   <subfield code="4">0</subfield>
   <subfield code="6">005_133000000000000_M312_T_312Q_2</subfield>
   <subfield code="7">0</subfield>
   <subfield code="9">13212</subfield>
   <subfield code="a">000001</subfield>
   <subfield code="b">000001</subfield>
   <subfield code="d">2018-08-10</subfield>
   <subfield code="o">005.133 M312/T.312-Q.2</subfield>
   <subfield code="p">MD.05367</subfield>
   <subfield code="r">2018-08-10</subfield>
   <subfield code="v">42000.00</subfield>
   <subfield code="w">2018-08-10</subfield>
   <subfield code="y">BK</subfield>
  </datafield>
  <datafield tag="980" ind1=" " ind2=" ">
   <subfield code="a">Thư viện Trường Đại học Nam Cần Thơ</subfield>
  </datafield>
 </record>
</collection>
